000 00833nac a22002537a 4500
001 BR7301627
003 BR-BrBNA
005 20240105113501.0
008 230509b bl.|||m| |||| 00| 0 por d
040 _aBR-BrBNA
_bpor
_cBiblioteca Nacional de Agricultura
072 _aL00
090 _a5300 BR7301627
100 1 _aQuintana, M.
110 1 _aSecretaria de Estado dos Negocios da Agricultura, Industria e Comercio, Porto Alegre, RS (Brasil). Seccao de Informacoes e Publicidade Agricola
245 1 _aO calendario em suinocultura [Brasil]
260 3 _aPorto Alegre, RS (Brasil):
_c1951.
300 _a11 p.
490 _aSIPA (Brazil)
_vno. 160
_x
650 _aProducao animal
650 _aSuinocultura
650 _aCalendario agricola
909 _a202312
_bLúcia Elande
_c55
_dLúcia Elande
942 _2AGRIS
_n0
_cMS
999 _c263988
_d263988